| 000 | 00404nam a2200157 i 4500 | ||
|---|---|---|---|
| 001 | bg | ||
| 100 | 1 | _aGUIOCHON, Georges | |
| 245 | 0 |
_aChromatografia gazowa w chemii nieorganicznej / _cC. Pommier, G. Guiochon. |
|
| 260 |
_aWarszawa : _bPWN, _c1979. |
||
| 700 | 1 | _aPOMMIER, Claude | |
| 040 | _cBPK | ||
| 041 | _apol | ||
| 080 | _a546:543.5 | ||
| 942 | _cKS | ||
| 008 | s pl f |000 0 pol | ||
| 999 |
_c18867 _d18867 |
||
| 856 |
_uhttp://koha.tu.koszalin.pl/cgi-bin/koha/opac-detail.pl?biblionumber=18867 _yKatalog online BPK |
||